| 000 | 01000nam a22003017a 4500 | ||
|---|---|---|---|
| 003 | CHAP | ||
| 005 | 20220329135439.0 | ||
| 008 | 971013s1969 r 00010 d | ||
| 010 | _a36646 | ||
| 011 | _a37618 | ||
| 035 | _a41738 | ||
| 040 | _cCHAP | ||
| 090 | _aFolleto 1615 | ||
| 110 |
_aMéxico. Dirección General de Conservación del Suelo y Agua _976965 |
||
| 245 |
_aErosión quiere decir empobrecimiento y destrucción de los suelos _b: su combate |
||
| 260 |
_aMéxico, D.F. : _bLa Dirección, _c1969 |
||
| 300 |
_a16 p. _b: ilus |
||
| 490 | _aCartilla para el campesino | ||
| 590 |
_aBATCH-UPD _b10 _c20130110 _lUCH01 _h2253 |
||
| 590 |
_aBATCH-UPD _b10 _c20130410 _lUCH01 _h1547 |
||
| 590 |
_aBATCH-UPD _b10 _c20130914 _lUCH01 _h1316 |
||
| 590 |
_aCONVERSION _b10 _c20130109 _lUCH01 _h1320 |
||
| 650 | 1 | 4 |
_aErosión _xPrevención y control. _937337 |
| 830 | 0 |
_aCartilla para el campesino _919639 |
|
| 901 | _aBK | ||
| 942 | _cFOLL | ||
| 949 |
_aFolleto 1615 _bBC _cFOLL _d-95948 _eTS1 _i41738 _si |
||
| 999 |
_c36646 _d36646 |
||